[Event "IV Copa Marcel Duchamp 2020"]
[Site "Montevideo"]
[Date "2020.02.14"]
[Round "8.26"]
[White "Santiso, Daniel"]
[Black "Escofet, Jaime"]
[Result "1/2-1/2"]
[WhiteElo "1900"]
[BlackElo "2025"]
[Annotator "TA"]
[PlyCount "40"]
[EventDate "2020.02.08"]
[EventType "swiss"]
[EventCountry "URU"]
[SourceTitle "playchess.com"]
[Source "ChessBase"]
[SourceQuality "1"]

{[%evp 17,40,6,24,-12,0,-10,0,-18,8,1,0,0,25,20,17,16,52,-4,0,0,0,-11,0,0,0]} 1. Nf3 Nf6 2. d4 g6 3. Bf4 Bg7 4. Nbd2 c5 5. e3 O-O 6. c3 d6 7. Be2 b6 8. O-O Bb7 9. h3 Nbd7 10. Nh2 {A48: 1 d4 Nf6 2 Nf3 g6: Torre, London and Colle Systems.} Qc7 11. Bf3 {[#]} e5 $146 ({Predecessor:} 11... Rac8 12. Bxb7 Qxb7 13. Qf3 Rc7 14. Qxb7 Rxb7 15. Nhf3 Rc8 16. Rfe1 b5 17. Rac1 Nb6 {½-½ (36) Torcal Andolz,A (1728)-Martin Barbero,R (1967) Zaragoza 2015}) 12. dxe5 dxe5 13. Bg3 Rad8 14. Qc2 Rfe8 15. Rfd1 Bxf3 16. Nhxf3 c4 17. b4 ({White should try} 17. Qa4 $14) 17... Qc6 $11 {The position is equal.} 18. a4 a6 19. Qa2 Rc8 20. Qc2 Rcd8 {Accuracy: White = 81%, Black = 81%.} 1/2-1/2

[Event "IV Copa Marcel Duchamp 2020"]
[Site "Montevideo"]
[Date "2020.02.14"]
[Round "8.27"]
[White "Ramirez Dominguez, Agustin"]
[Black "Meskanen, Vesa"]
[Result "0-1"]
[WhiteElo "1894"]
[BlackElo "2019"]
[Annotator "TA"]
[PlyCount "112"]
[EventDate "2020.02.08"]
[EventType "swiss"]
[EventCountry "URU"]
[SourceTitle "playchess.com"]
[Source "ChessBase"]
[SourceQuality "1"]

{[%evp 18,118,25,0,0,0,0,-12,-5,-61,-23,-23,-23,-26,-22,-26,-27,-17,-9,-29,-27,-14,35,22,51,44,55,65,135,51,91,59,51,51,46,-23,-37,-50,0,0,43,54,67,-17,-18,-56,0,0,0,-46,-37,-68,-18,-48,-50,-84,-40,-44,-35,-66,-68,-214,-204,-220,-227,-282,-270,-420,-419,-425,-412,-418,-330,-463,-456,-463,-454,-441,-432,-426,-434,-778,-500,-1477,-1485,-1362,-1402,-1335,-1320,-1197,-956,-1391,-1185,-1345,-1341,-1311,-1289,-1410,-1292,-6037,-6037,-29986,-29987]} 1. e4 e5 2. Nf3 Nc6 3. Bb5 a6 4. Ba4 d6 5. O-O g6 6. c3 Bg7 7. d3 Nf6 8. Nbd2 O-O 9. Re1 b5 10. Bb3 Na5 {C77: Ruy Lopez: 3...a6 4 Ba4 Nf6, unusual lines.} 11. Bc2 c5 12. Nb3 {[#]} Nc6 $146 {The position is equal.} ({Predecessor:} 12... Nxb3 13. Bxb3 Qc7 14. Qe2 h6 15. Be3 Rd8 16. a4 Bb7 17. Bd2 c4 18. Bc2 cxd3 19. Bxd3 {0-1 (65) Turner,G (2126)-Craciun,G (2180) ICCF email 2007}) 13. d4 (13. Bg5 $11) 13... c4 14. Nbd2 exd4 15. Nxd4 Nxd4 16. cxd4 Re8 17. Nf1 Ra7 18. Bg5 h6 19. Bh4 Qb6 (19... g5 $5 {[%cal Rg5h4]} 20. Bg3 Rae7 $11) 20. f3 Rae7 {With the idea ...d5.} 21. Bf2 d5 {[%cal Rd5e4]} 22. e5 Nh7 (22... Nh5 $14) 23. Qd2 ({Better is} 23. f4 $16) 23... b4 24. b3 c3 25. Qe2 Nf8 26. Red1 ({White should try} 26. f4 $14) 26... Ne6 $11 27. Be3 Bd7 28. Qf2 Kh7 29. f4 f5 30. Qh4 (30. g4 $14 Nc7 31. gxf5 Bxf5 32. Bxf5 gxf5 33. Ng3) 30... Rf7 $36 {[%mdl 2048] Black fights for an advantage.} 31. h3 Qd8 (31... Bf8 $15) 32. Qxd8 Rxd8 33. Nh2 Bf8 34. Nf3 Nc7 35. Bf2 Nb5 36. Re1 {Black must now prevent e6.} Be6 37. Be3 Na3 38. Re2 a5 {[%cal Ba6a5,Ba5a4][%mdl 32]} 39. Bc1 (39. Bd3 $15) 39... Nxc2 $19 40. Rxc2 {[#]} a4 $1 {[%mdl 512]} 41. Be3 (41. bxa4 Ra8) 41... Ra8 {aiming for ...axb3.} 42. Rcc1 (42. Rb1 $142) 42... Rfa7 {Threatens to win with ...axb3.} 43. Rab1 Bd7 44. Ne1 Bb5 45. Kf2 (45. a3 $142 axb3 46. axb4) 45... axb3 46. axb3 Ra2+ 47. Kf3 Bf1 48. Bf2 g5 49. g3 (49. Be3 $142 Be7 50. Rc2) 49... Be7 {Strongly threatening ...g4+!} 50. Be3 (50. Rc2 $142 Bxh3 51. Ke3) 50... Be2+ 51. Kf2 Bd3+ {[%mdl 64] Discovered Attack} 52. Kg1 Bxb1 53. Rxb1 Ra1 54. Rc1 Rxc1 55. Bxc1 Ra1 56. Nd3 gxf4 {Played: Ra1-b1} 0-1

[Event "IV Copa Marcel Duchamp 2020"]
[Site "Montevideo"]
[Date "2020.02.14"]
[Round "8.28"]
[White "Gomez Troccoli, Martin"]
[Black "Manteiga, Franco"]
[Result "1-0"]
[WhiteElo "2004"]
[BlackElo "1703"]
[Annotator "TA"]
[PlyCount "77"]
[EventDate "2020.02.08"]
[EventType "swiss"]
[EventCountry "URU"]
[SourceTitle "playchess.com"]
[Source "ChessBase"]
[SourceQuality "1"]

{[%evp 12,77,47,6,6,7,6,-7,-8,-35,-27,-19,-25,-40,14,-116,-116,-161,-94,-62,-33,-106,-34,-25,-10,-280,76,66,63,52,102,112,81,31,89,101,110,125,109,113,175,178,178,150,145,125,131,130,245,157,557,545,652,643,645,638,684,679,670,685,677,652,1004,990,29991,29992,29995,29996]} 1. e4 c5 2. Nf3 d6 3. d4 cxd4 4. Nxd4 Nf6 5. Nc3 a6 6. h3 e5 7. Nb3 Be6 {7...Be7 deserves study. B90: Sicilian Najdorf: Unusual White 6th moves, 6 Be3 Ng4 and 6 Be3 e5.} 8. g4 d5 9. exd5 Nxd5 {The position is equal.} 10. Ne4 {[#]} Nc6 $146 {[%mdl 128] Black has some attack.} ({Predecessor:} 10... Be7 11. Bg2 O-O 12. O-O Nd7 13. Nd6 Bxd6 14. Bxd5 Qc7 15. c4 Bxd5 16. cxd5 f5 {½-½ (60) Korbut,E (2180)-Komiagina,M Serpukhov 1999}) 11. Bg2 {[#]} h5 $1 {[%mdl 512]} 12. g5 (12. gxh5 Nf6) 12... Nb6 ({Better is} 12... Qc7 $15) 13. Qe2 (13. O-O $11 {remains equal.}) 13... Bc4 $1 $17 {[%cal Rc4e2]} 14. Qe3 {[#]} Nb4 (14... Nd5 $1 $19 {[%cal Rd5e3]} 15. Qd2 Qc7) 15. Qc3 Qc7 16. Nbd2 ({White should try} 16. Ned2 $1 $15 Rc8 17. Nxc4 Qxc4 18. Qxc4 (18. Qxe5+ $2 Be7 $17) 18... Nxc4 19. O-O) 16... Rc8 (16... Nc6 $17 {aiming for ...Bb4.} 17. b3 (17. Nxc4 $2 Bb4 $19) 17... Be6) 17. Nxc4 $15 Qxc4 18. Qxe5+ $2 {[%mdl 8192] [#]} (18. Qxc4 $11 {and White has nothing to worry.} Nxc4 19. O-O) 18... Qe6 $2 (18... Kd8 $1 $19 19. Nd2 (19. Nd6 $2 Nxc2+ {[%mdl 64] Double Attack} 20. Kd1 Qd3+ {[%mdl 64] Double Attack} 21. Bd2 Bxd6 $19) 19... Nxc2+ {[%mdl 64] Double Attack} 20. Kd1 Qa4) 19. Qxe6+ $16 fxe6 20. O-O Nxc2 21. Rb1 Be7 22. Bf4 Nb4 (22... O-O $14 23. Bd6 Nd5) 23. Nd6+ Bxd6 24. Bxd6 N4d5 25. Rfe1 Kd7 (25... Kf7 $16) 26. Be5 $18 Rhg8 27. g6 Nc4 28. Bd4 Nd6 29. Rbd1 Ne8 (29... Nf5 $16) 30. h4 Nef6 $2 (30... Rc6 $16 31. Be5 Kc8) 31. Bh3 Rce8 32. Bxf6 gxf6 33. Rxd5+ $1 {[%mdl 64] Double Attack} Kc6 34. Rxh5 Rxg6+ 35. Kh2 e5 36. Rh7 {Black must now prevent Bd7+.} Rd8 37. Bg2+ Kb6 38. Rxb7+ Ka5 39. Re3 {Accuracy: White = 60%, Black = 37%.} 1-0

[Event "IV Copa Marcel Duchamp 2020"]
[Site "Montevideo"]
[Date "2020.02.14"]
[Round "8.30"]
[White "Montanu, Dan-Vladimir"]
[Black "Moreno, Nelson"]
[Result "1-0"]
[WhiteElo "1983"]
[BlackElo "1656"]
[Annotator "TA"]
[PlyCount "87"]
[EventDate "2020.02.08"]
[EventType "swiss"]
[EventCountry "URU"]
[SourceTitle "playchess.com"]
[Source "ChessBase"]
[SourceQuality "1"]

{[%evp 9,87,17,37,32,30,26,29,16,56,55,58,56,58,51,63,0,25,20,6,-25,-15,-29,-23,-102,-23,-139,-133,-134,-134,-159,-146,-181,-162,-179,-191,-233,-232,-241,-225,-220,-151,-276,-290,-312,-300,-312,-308,-430,-331,-385,-214,-231,-155,-166,-19,-113,-19,-70,-70,-82,541,540,539,532,534,485,545,556,560,543,532,525,564,557,559,559,697,546,735,720]} 1. d4 Nf6 2. Nf3 e6 3. g3 c5 4. Bg2 Nc6 5. O-O Qb6 {[%cal Rc5d4]} 6. e3 {A46: 1 d4 Nf6 2 Nf3 e6: Torre, London and Colle Systems.} cxd4 7. exd4 d5 8. c3 {[#] White has an edge.} a5 $146 ({Predecessor:} 8... Be7 9. Qe2 O-O 10. Nbd2 Na5 11. b4 Nc6 12. a4 a6 13. Nb3 Bd7 14. a5 Qb5 15. Qxb5 axb5 {0-1 (81) Barsciauskas,G (1618)-Voropajevas,N (1516) Panevezys 2018}) 9. a4 Bd7 10. Re1 Be7 11. Na3 O-O 12. Nd2 (12. Nb5 $14) 12... Rfc8 (12... e5 $5) 13. Nb5 Na7 14. Bf1 Nxb5 15. axb5 Ne8 (15... Bxb5 16. Qb3 $18) 16. Nf3 (16. c4 $1 $11) 16... Nd6 (16... Bxb5 $17 17. Bh3 Nf6) 17. Bg5 (17. Bf4 $11 {keeps the balance.}) 17... Bxg5 $17 18. Nxg5 h6 19. Nh3 Bxb5 20. Rb1 Bxf1 21. Kxf1 a4 22. Nf4 a3 23. bxa3 Qa6+ 24. Kg2 Ne4 (24... Qxa3 25. Rb3) 25. Qg4 (25. Ne2 $17) 25... Rxc3 $19 26. Nh5 {[%csl Gh5][%cal Rg4g7]} g6 27. Nf4 Rc2 (27... Rxa3 28. Nxg6 Kh7 29. Ne5 $11) 28. Rf1 Kh7 29. h4 Nd2 (29... Rac8 $142 {Strongly threatening ...R8c3.} 30. Nh3 Nd2) 30. Rfc1 Rxc1 ({And not} 30... Nxb1 31. Rxc2 Qb6 32. Nd3 $11) 31. Rxc1 Nc4 ({Wrong is} 31... Qxa3 $2 32. Rc7 $1 $18 {[%mdl 512]}) ({Black should try} 31... Qd6 $19 32. Qd1 Nc4) 32. Re1 $1 $11 {[%cal Re1e6] Black must now prevent Rxe6!} Re8 ({Don't play} 32... Qxa3 $6 33. Nxe6 $1 {[%mdl 512]} Kg8 34. Nc7 $11) (32... h5 $17 33. Qg5 Qxa3) 33. Nxd5 ({Better is} 33. h5 $1 $11 g5 {[#]} 34. Nxd5 $1 {[%mdl 512]}) 33... Qc6 $1 $15 {[%cal Rc6d5][%mdl 64] Pin} 34. Qf3 Qxd5 $4 {[%mdl 8192]} (34... Kg7 $17 {stays on course.} 35. Nb4 Qxf3+ 36. Kxf3 Nxa3) 35. Qxd5 $18 {White is clearly winning.} exd5 36. Rxe8 Nxa3 $17 {[%mdl 4096] Endgame KR-KN} 37. Rd8 b5 38. Rxd5 b4 {next ...b3 is good for Black.} 39. Rd7 Kg7 40. Kf3 Nc4 41. Rb7 b3 42. Ke2 Na5 43. Rb5 Nc6 44. Kd3 {Accuracy: White = 57%, Black = 45%.} 1-0

[Event "IV Copa Marcel Duchamp 2020"]
[Site "Montevideo"]
[Date "2020.02.14"]
[Round "8.31"]
[White "Bon, Charles"]
[Black "Aguilar Samper, Valentin"]
[Result "0-1"]
[WhiteElo "1614"]
[BlackElo "1946"]
[Annotator "TA"]
[PlyCount "40"]
[EventDate "2020.02.08"]
[EventType "swiss"]
[EventCountry "URU"]
[SourceTitle "playchess.com"]
[Source "ChessBase"]
[SourceQuality "1"]

{[%evp 29,56,-18,-10,-135,-128,-126,-131,-130,-141,-598,-597,-1091,-759,-697,-518,-478,-324,-982,-978,-1473,-1465,-1355,-1345,-29988,-29980,-29973,-29974,-5922,-5739]} 1. e4 c5 2. Nf3 d6 3. d4 cxd4 4. Nxd4 Nf6 5. Nc3 g6 6. Be3 Bg7 7. f3 O-O 8. Qd2 Nc6 9. O-O-O d5 10. Nxc6 bxc6 11. exd5 Nxd5 12. Nxd5 cxd5 13. Qxd5 Qc7 14. Qc5 Qb7 15. Bd4 Bf5 $1 16. Qb5 {B76: Sicilian Dragon: Yugoslav Attack, 9 g4 and 9 0-0-0.} (16. Bd3 $11 {remains equal.} Rfc8 17. Qa3) 16... Qc7 $17 {[%csl Gf5][%cal Rc7c2][%mdl 1024] Black has strong compensation.} 17. Qc5 {[#]} Qf4+ $1 18. Be3 {[#]Black is clearly better.} ({Wrong is} 18. Kb1 $2 Rfc8 $19) 18... Qa4 $1 {[#]} 19. Rd2 $146 {[%mdl 8192]} (19. Bb5 $17 {is tougher.} Qxa2 20. Qa3 Qxa3 21. bxa3) ({Predecessor:} 19. g4 Rac8 20. gxf5 Rxc5 21. Bxc5 Qxa2 22. Ba3 Bh6+ 23. Rd2 Qa1# {0-1 (21) Ruiz Agudelo,J (1358)-Leon Acevedo,J (1660) Medellin 2017}) 19... Rfc8 $19 (19... Qxa2 $2 20. Qa3 $17) 20. Qd5 Bxc2 {Played: Rc8xc2} 0-1

[Event "IV Copa Marcel Duchamp 2020"]
[Site "Montevideo"]
[Date "2020.02.15"]
[Round "9.1"]
[White "Acosta, Pablo Ismael"]
[Black "Liascovich, Lucas"]
[Result "1/2-1/2"]
[WhiteElo "2416"]
[BlackElo "2425"]
[Annotator "ChessBase"]
[PlyCount "39"]
[EventDate "2020.02.08"]
[EventType "swiss"]
[EventCountry "URU"]
[SourceTitle "playchess.com"]
[Source "ChessBase"]
[SourceQuality "1"]
[TimeControl "5400+30"]

1. c4 {[%emt 0:00:00]} e6 {[%emt 0:05:43]} 2. g3 {[%emt 0:00:00]} d5 {[%emt 0:00:37]} 3. Bg2 {[%emt 0:00:08]} Nf6 {[%emt 0:00:11]} 4. Nf3 {[%emt 0:00:32]} Be7 {[%emt 0:01:48]} 5. O-O {[%emt 0:00:17]} O-O {[%emt 0:00:20]} 6. b3 {[%emt 0:03:45]} c5 {[%emt 0:02:20]} 7. cxd5 {[%emt 0:01:04]} Nxd5 {[%emt 0:04:54]} 8. Bb2 {[%emt 0:00:50]} Nc6 {[%emt 0:00:06]} 9. d4 {[%emt 0:02:20]} cxd4 {[%emt 0:09:09]} 10. Nxd4 {[%emt 0:00:49]} Ndb4 {[%emt 0:00:35]} 11. Nxc6 {[%emt 0:02:19]} Nxc6 {[%emt 0:00:20]} 12. Nd2 {[%emt 0:07:02]} Bd7 {[%emt 0:03:08]} 13. Nc4 {[%emt 0:02:08]} Qc7 {[%emt 0:01:41]} 14. Rc1 {[%emt 0:02:02]} Rfd8 {[%emt 0:04:37]} 15. Qc2 {[%emt 0:00:30]} Rac8 {[%emt 0:05:35]} 16. Ne5 {[%emt 0:05:17]} Be8 {[%emt 0:00:30]} 17. Nxc6 {[%emt 0:01:41]} Bxc6 {[%emt 0:00:32]} 18. Bxc6 {[%emt 0:00:43]} Qxc6 {[%emt 0:01:38]} 19. Qxc6 {[%emt 0:00:12]} Rxc6 {[%emt 0:00:26]} 20. Rxc6 {[%emt 0:00:54]} 1/2-1/2

[Event "IV Copa Marcel Duchamp 2020"]
[Site "Montevideo"]
[Date "2020.02.15"]
[Round "9.2"]
[White "Delgado Ramirez, Neuris"]
[Black "Hungaski, Robert"]
[Result "0-1"]
[WhiteElo "2634"]
[BlackElo "2504"]
[Annotator "TA"]
[PlyCount "92"]
[EventDate "2020.02.08"]
[EventType "swiss"]
[EventCountry "URU"]
[SourceTitle "playchess.com"]
[Source "ChessBase"]
[SourceQuality "1"]

{[%evp 9,92,20,33,29,24,9,44,51,43,41,47,37,39,44,64,72,69,60,72,72,72,72,74,71,74,74,79,59,71,24,33,0,0,0,6,0,0,0,0,5,12,0,0,0,43,1,7,-18,0,-66,-71,-93,0,-195,-160,-142,-99,-105,-99,-164,-87,-158,-118,-142,-142,-140,-106,-154,-162,-157,-106,-175,-106,-148,-131,-159,-157,-171,-166,-258,-236,-665,-604,-12838,-8533]} 1. e4 e5 2. Nf3 Nc6 3. Bb5 d6 4. O-O Bd7 5. c4 Nf6 6. Nc3 {C62: Ruy Lopez: Steinitz Defence.} Be7 7. d4 O-O 8. Bxc6 {White is slightly better.} Bxc6 9. Re1 exd4 10. Nxd4 Nd7 {[#]} 11. Nd5 $146 ({Predecessor:} 11. Be3 Bf6 12. Qc2 Ne5 13. Qe2 Bd7 14. Rad1 Nc6 15. Qd2 Re8 16. Nde2 Bxc3 17. Nxc3 {½-½ (29) Azarov,S (2625)-Huebner,R (2605) Ohrid 2009}) 11... Bxd5 12. cxd5 Bf6 13. Be3 Re8 14. f3 a5 15. Rc1 Nc5 16. Qd2 g6 17. b3 Qd7 18. Rb1 Bg7 19. a3 c6 20. Ne2 a4 21. dxc6 Qxc6 22. bxa4 Rxa4 23. Nd4 Bxd4 24. Bxd4 Rxa3 25. Rec1 {Strongly threatening Qg5.} Rd3 26. Qb4 b6 27. Ba1 {[%mdl 1024] Qb2 is the strong threat. White has compensation.} (27. Qc4 $5 {[%cal Rc4d3]} Rc8 28. Rxb6 Qxb6 29. Qxd3 $1 $14 {[%mdl 576] Pin}) 27... d5 28. Qb2 {[%csl Ga1][%cal Rb2h8]} f6 29. Qa2 (29. exd5 $11 Rxd5 30. Qxf6 Qxf6 31. Bxf6) 29... Qe6 $15 30. Qa7 dxe4 (30... Nd7 $17 31. e5 fxe5) 31. Re1 $2 (31. Rxb6 $11 Qd7 32. Qa2+ Qd5 33. Qxd5+ Rxd5 34. fxe4 Nxe4 35. Bxf6) 31... Rd6 {And now ...e3 would win.} 32. fxe4 Nxe4 33. Qa4 f5 34. Rb5 (34. Qb5 $17 Rd2 35. Qxb6) 34... Qf7 ({Better is} 34... Qd7 $19 {Threatens to win with ...Rd5.} 35. h3 Ree6) 35. Qa3 (35. h3 $142) 35... Rde6 36. Qb2 {[%csl Ga1][%cal Rb2h8] [#]} Nf6 $1 37. Rf1 h5 38. h3 Kh7 39. Qb3 {[#]} Qe7 ({Black should play} 39... Qc7 $1 {White must now prevent ...Re1.} 40. Bd4 Nd7) 40. Qf3 (40. Bd4 $17) 40... Re3 ({Black should try} 40... Qd6 $19 41. Bxf6 Rxf6) 41. Qf4 {intending Rxf5!} Re1 42. Rb1 Rxf1+ 43. Kxf1 Nd5 44. Qd2 (44. Qd4 {was worth a try.} Ne3+ 45. Kg1) 44... Qe4 $19 45. Qb2 $2 {[#]} (45. Rc1) 45... Nc3 $1 {[%mdl 512]} 46. Rc1 (46. Qxc3 Qxb1+) 46... Qf4+ {Accuracy: White = 55%, Black = 67%.} 0-1

[Event "IV Copa Marcel Duchamp 2020"]
[Site "Montevideo"]
[Date "2020.02.15"]
[Round "9.3"]
[White "De Dovitiis, Alejo"]
[Black "Hernandez Guerrero, Gilberto"]
[Result "0-1"]
[WhiteElo "2314"]
[BlackElo "2557"]
[Annotator "TA"]
[PlyCount "66"]
[EventDate "2020.02.08"]
[EventType "swiss"]
[EventCountry "URU"]
[SourceTitle "playchess.com"]
[Source "ChessBase"]
[SourceQuality "1"]

{[%evp 32,66,31,0,0,0,18,0,0,-17,0,-102,-89,-109,-102,-105,-86,-56,-2,-31,-42,-23,0,-14,-10,-60,-30,-16,0,-76,0,-48,679,0,0,-576,-584]} 1. e4 c5 2. Nf3 Nc6 3. d4 cxd4 4. Nxd4 e6 5. Nc3 a6 6. Be3 Qc7 7. Be2 Nf6 8. O-O Bb4 9. Na4 O-O 10. Nxc6 bxc6 11. Nb6 Rb8 12. Nxc8 Rfxc8 13. Bxa6 Rf8 14. Bd3 Bd6 15. f4 e5 16. f5 Rxb2 17. g4 Qa5 {Threatens to win with ...Bc5. B49: Sicilian: Taimanov: 5 Nc3 Qc7 6 Be3 a6 7 Be2.} 18. g5 Ne8 19. Qh5 Bc5 {[#] The position is equal.} 20. Rae1 $146 ({Predecessor:} 20. Bxc5 Qxc5+ 21. Kh1 f6 22. g6 h6 23. Qe2 d5 24. a4 Nd6 25. a5 Qd4 26. exd5 Qxd5+ {0-1 (39) Castelfranchi,C (2083)-Lava,G (2221) Rome 2007}) 20... f6 21. g6 (21. Bc4+ $11 {keeps the balance.} d5 22. Bb3) 21... h6 $17 22. Bc4+ d5 $1 {[%cal Rd5c4]} 23. Bb3 Bxe3+ 24. Rxe3 Qc5 (24... Nd6 $15 25. Qf3 Kh8 26. exd5 Qb6) 25. Qe2 $11 Nd6 26. Kh1 Kh8 27. exd5 cxd5 28. Rd3 d4 {Hoping for ...Qc8.} 29. Qg2 Rc8 (29... Qc7 $11) 30. Rh3 $17 {White wants to mate with Rxh6+!} Nc4 (30... Qc7 $17 31. Rh5 d3 $1 {[%mdl 512]}) 31. Rg1 Qc7 $2 {[%mdl 8192] [#]} (31... Kg8 $15) 32. a4 $2 ({White has to play} 32. Rxh6+ $1 $18 {[%mdl 512]} gxh6 33. g7+ Kg8 34. Qd5+ Qf7 35. Bxc4 Qxd5+ 36. Bxd5+ Kh7 37. g8=Q+ Rxg8 38. Bxg8+ Kh8 39. Bb3) 32... Rd8 $11 33. Qe4 $2 {[%mdl 8192]} (33. a5 $11 {and White has nothing to worry.} Qc8 34. Ra1) 33... Nd2 {Accuracy: White = 62%, Black = 64%.} 0-1

[Event "IV Copa Marcel Duchamp 2020"]
[Site "Montevideo"]
[Date "2020.02.15"]
[Round "9.4"]
[White "Tristan, Leonardo"]
[Black "Vazquez, Guillermo"]
[Result "1-0"]
[WhiteElo "2533"]
[BlackElo "2524"]
[Annotator "TA"]
[PlyCount "61"]
[EventDate "2020.02.08"]
[EventType "swiss"]
[EventCountry "URU"]
[SourceTitle "playchess.com"]
[Source "ChessBase"]
[SourceQuality "1"]

{[%evp 9,61,37,36,13,17,19,25,12,18,27,29,0,102,98,134,118,118,104,158,134,145,147,147,123,150,133,143,150,152,152,152,152,152,152,155,155,150,132,155,124,128,118,178,120,127,107,151,131,125,25,736,728,935,903]} 1. d4 Nf6 2. c4 e6 3. Nc3 Bb4 4. Qc2 b6 5. e4 c5 6. d5 {E32: Nimzo-Indian: Classical (4 Qc2): 4...0-0.} Qe7 7. Nge2 exd5 8. exd5 {White has an edge.} O-O 9. Bd2 d6 10. f3 Nfd7 (10... Nbd7 $11 {keeps the balance.}) 11. O-O-O $16 {[#]} f5 $146 ({Predecessor:} 11... Ne5 12. Ng3 f5 13. f4 Ng4 14. Re1 Qh4 15. Bd3 g6 16. a3 Ba5 17. Re2 a6 {1-0 (28) Atalik,S (2545)-Horvath,A (2473) Mumbai 2018}) 12. Nf4 Ne5 13. Re1 Na6 (13... Qf6 $142) 14. Nd3 Qf6 15. Nxe5 dxe5 16. a3 Ba5 17. Bd3 Bd7 18. Kb1 Rae8 19. g4 Nc7 20. gxf5 Bxf5 21. d6 Bxd3 22. Qxd3 Bxc3 23. Bxc3 Ne6 {Threatening ...Nd4.} 24. Qd5 Qf7 25. Bxe5 Rd8 {[#]} (25... Nd4 $16) 26. Rhg1 ({White should try} 26. Re4 $1 $18 {Threatens to win with Rg1.} Rd7 27. f4) 26... g6 27. b4 $36 {[%mdl 2048] White is on the roll.} Qf5+ 28. Ka1 Rf7 {[#]} 29. Rg4 (29. Re4 $1 $16) 29... Nd4 $2 {[%mdl 8192]} (29... Qxf3 $11 30. Qxf3 (30. Qxe6 Rxd6 31. Qe8+ Rf8 $11) 30... Rxf3) 30. Rf4 $18 Qe6 31. Rxd4 {Accuracy: White = 85%, Black = 66%.} 1-0